00000000nam##2200000za#4500
0019.614365
003CaOODSP
00520200327133226
007ta
008150406|1998||||xxc|||||     f|0| 0 eng|d
022 |a0706-6457
040 |aCaOODSP|beng
043 |an-cn---
0861 |aFs97-6/2197E
1101 |aCanada. |bDepartment of Fisheries and Oceans.
24510|aSeasonality of fish larvae in surf zone and tributary of Lake Erie: a comparison / |cby J. K. Leslie and C. A. Timmins.
260 |aOttawa - Ontario : |bFisheries and Oceans Canada |c1998.
300 |aiii, 15p. : |bfigs., graphs, references, tables ; |c28 cm.
4901 |aCanadian technical report of fisheries and aquatic sciences|x0706-6457|v2197
500 |aPrepared by Great Lakes Laboratory for Fisheries and Aquatic Science, 867 Lakeshore Road, Burlington, Ontario L7R 4A6.
546 |aRésumé en français
590 |a98-13|b1998-03-27
7201 |aLeslie, J. K.
7201 |aTimmins, C. A.
7760#|tSeasonality of fish in surf zone and tributary of Lake Erie : |w(CaOODSP)9.573991
830#0|aCanadian technical report of fisheries and aquatic sciences,|x0706-6457|v2197|w(CaOODSP)9.514691